| 000 | 01307nam a2200349 i 4500 | ||
|---|---|---|---|
| 003 | EG-GICUC | ||
| 005 | 20260324161409.0 | ||
| 008 | 260125s20042005ua |||fr|||| 00| 0 ara d | ||
| 017 | _a10821/2004 | ||
| 040 |
_a EG-GICUC _bara _c EG-GICUC _d EG-GICUC _erda |
||
| 041 | 0 | _aAra | |
| 082 | 0 | 4 |
_221 _a343.91 _bح س . م |
| 092 | 0 | 4 | _221 |
| 099 | _aLaw1 10 343.91 ح س . م 2004 | ||
| 100 | 0 |
_aحسنى الجندى _eمؤلف. |
|
| 245 | 1 | 0 |
_aمبدأ لا يطل دم فى الإسلام : _bدراسة مقارنة/ _cتأليف الدكتور حسنى الجندى. |
| 246 | _aمنهج الإسلام فى صيانة النفس الإنسانية | ||
| 250 | _aالطبعة الثانية | ||
| 264 | 1 |
_aالقاهرة : _bدار النهضة العربية، _c2004. |
|
| 300 |
_a168 صفحة؛ _c24 سم. |
||
| 336 |
_2rda content _atext |
||
| 337 |
_2rda media _aComputer |
||
| 338 |
_2rda carrier _aOnline Resource |
||
| 504 | _aببليوجرافيا: صفحات154-163. | ||
| 546 | _aالنص باللغة العربية | ||
| 650 | 1 |
_aالنظام الجنائى الإسلامى _2qrmak |
|
| 650 | 1 |
_aالقانون الجنائى _2qrmak |
|
| 651 | 1 | _2qrmak | |
| 856 | 4 | 0 | _uhttps://fll.law.cu.edu.eg/fulltext/bks/B10-08099.pdf |
| 905 |
_a54 _eYara |
||
| 942 |
_2ddc _cBK _e21 _n0 |
||
| 999 |
_c59356 _d59356 |
||